00848 a2200193 45000010006000000050017000060080041000230030015000640400040000790800055001192450072001740200022002462640033002683000019003015050207003200410008005271000024005358560095005594110520260407155704.0260407a2007 arg spa dAR-UNSa-BCEJYS aAR-UNSa-BCEJYSbspacAR-UNSa-BCEJYS a347.65xDerecho de sucesiones. Derecho hereditario10aDeclaratoria extrajudicial de herederospla intervención notarial a978-950-894-659-1 1aBuenos Aires :bAD-HOCc2007 a430 p.c23 cm. a1. Proceso sucesorio - 2. La trasmisión hereditaria - 3. Las actas notariales de notoriedad - 4. Participación hereditaria - 5. Derecho comparado - 6. Congresos y jornadas - 7. Proyectos nacionales  aspa1 aZavala, Gastón A.41uhttps://biblioeco.unsa.edu.ar/pmb/images/libros/L126370.jpgyImagen de portadaqimage/jpeg